Представление документа в формате RUSMARC

ПолеНазваниеЗначение
  Тип записи a
  Библиографический уровень a
001 Контрольный номер RU/CBS_Ul/BASE/502302635
005 Дата корректировки 20240209175153.5
100 Данные общей обработки __
a Данные общей обработки 20151201d2015 ||| 0rusy0189 ca
101 Язык документа 0_
a Язык текста rus
102 Страна публикации __
a Страна публикации RU
105 Кодированные данные (монография) __
a Кодированные данные (монография) y###||||000|y
200 Заглавие и сведения об ответственности 1_
a Заглавие Оперативный вальс в германском посольстве
b Общее обозначение материала Текст
e Сведения, относящиеся к заглавию [Зоя Воскресенская - майор внешней разведки и знаменитая писательница]
f Первые сведения об ответственности Н. Долгополов
300 Общие примечания __
a Общие примечания Ограничения по возрасту - 12+
461 Уровень набора _0
1 2000
a Родина
463 Уровень физической единицы _0
1 001RU/CBS_Ul/BASE/501693201
1 2000
a № 6
v С. 26-28 : фото
1 210
d 2015
600 Персоналии _0
a Персоналии (Фамилия) Воскресенская
b Персоналии (Имя, инициалы) З.И.
606 Тематические рубрики 0_
a Основная рубрика Воскресенская, Зоя Ивановна (1907 - 1992)
610 Ключевые слова 0_
a Ключевые слова писатели
a Ключевые слова детские писатели
a Ключевые слова прозаики
a Ключевые слова разведчицы
a Ключевые слова полковники
a Ключевые слова участники ВОВ
a Ключевые слова ВОВ
a Ключевые слова Великая Отечественная война
686 Индексы других классификаций __
a Классификационный индекс 83.3(2Рос=Рус)6-8
2 Код системы ББК
700 Автор _1
a Фамилия Долгополов
b Имя (инициалы) Н.
801 Источник записи _0
a Страна RU
b Организация МБУК ЦБС г. Ульяновска
c Дата составления 20151201
g Правила каталогизации RCR
801 Источник записи _1
a Страна RU
b Организация МБУК ЦБС г. Ульяновска
c Дата составления 20151201
g Правила каталогизации RCR
901 Тип документа __
t Тип документа b
w Контрольный № источника RU/CBS_Ul/BASE/501693201
910 Корректоры записи __
a Корректор записи Асеева
938 Служебная информация __
a Имя БД period